Periodic Table of Africa Quiz Stats

 Plays Quiz Updated Jul 29, 2018

Challenge
Share
Tweet
Score 0/54 Timer 08:00
21 Plays Today
% Correct
Uganda
93.7%
Ghana
93.7%
Nigeria
93.3%
Rwanda
93.2%
Niger
93%
Tunisia
92.4%
Algeria
92.3%
Zimbabwe
92%
Sudan
91.8%
Zambia
91.6%
Cote
d'Ivoire
91.4%
Egypt
91.1%
Liberia
90.6%
eSwatini
90.6%
Mozambique
90.6%
Ethiopia
90.5%
Djibouti
90.4%
Somalia
90.4%
Chad
90.2%
Madagascar
90.1%
South
Africa
90.1%
Namibia
90.1%
Eritrea
89.4%
Kenya
88.9%
Libya
88.8%
Lesotho
88.6%
DRC
88.4%
% Correct
Gabon
87.9%
Angola
87.9%
Morocco
87.9%
Equatorial
Guinea
87.6%
South
Sudan
87.5%
Cameroon
87.5%
Malawi
87.3%
Botswana
87.1%
Tanzania
87%
Togo
85.6%
Gambia
85.1%
Seychelles
84.4%
Mali
84.2%
Senegal
81.5%
Burkina
Faso
80.7%
Comoros
79.4%
Rep
Congo
79.3%
Guinea
79%
Mauritania
77.6%
Cabo
Verde
75.8%
Mauritius
74.9%
Benin
74.4%
Burundi
73.9%
Guinea
Bissau
70.6%
Sierra
Leone
69.8%
CAR
66.4%
Sao Tome and
Principe
64.5%

You're not logged in!

Compare scores with friends on all Sporcle quizzes.
Join for Free
OR
Log In

You Might Also Like...

Show Comments

Extras

Top Quizzes Today


Score Distribution

Your Account Isn't Verified!

In order to create a playlist on Sporcle, you need to verify the email address you used during registration. Go to your Sporcle Settings to finish the process.

Report this User

Report this user for behavior that violates our Community Guidelines.

Details: